Credit between cultures (Record no. 85851)
[ view plain ]
| 000 -LEADER | |
|---|---|
| fixed length control field | 02334nam a2200409 a 4500 |
| 082 04 - DEWEY DECIMAL CLASSIFICATION NUMBER | |
| Classification number | 332.1/753089965 |
| 100 1# - MAIN ENTRY--AUTHOR NAME | |
| Personal name | Shipton, Parker MacDonald. |
| 245 10 - TITLE STATEMENT | |
| Title | Credit between cultures |
| 260 ## - PUBLICATION, DISTRIBUTION, ETC. (IMPRINT) | |
| Place of publication | New Haven [Conn.] : |
| Name of publisher | Yale University Press, |
| Year of publication | c2010. |
| 300 ## - PHYSICAL DESCRIPTION | |
| Number of Pages | xxvii, 335 p., [12] p. of plates : |
| Other physical details | ill., map. |
| 490 1# - SERIES STATEMENT | |
| Series statement | Yale agrarian studies series |
| 505 0# - FORMATTED CONTENTS NOTE | |
| Formatted contents note | Introduction: a golden pendulum -- Context for credit : a setting at the source of the Nile -- Three faces of the loan : charity, usury-- and fantasy -- Plans and dreams : an integrated approach on paper -- Lenders and lineages : nepotism as loyalty -- Untying a package deal : borrowing green revolution technology -- Debts and dodges : the moral and the hazard in repayment -- In a white elephant's shadow : reversal and repetition -- Wildfire : tobacco contract farming -- Self-help and the underground : individual incentive and the group guarantee -- Self-help with help : banking between charity and usury -- Crossing back : rethinking credit between cultures. |
| 650 #0 - SUBJECT ADDED ENTRY--TOPICAL TERM | |
| Topical Term | Economic assistance |
| Topical Term | Poverty |
| Topical Term | Luo (Kenyan and Tanzanian people) |
| Topical Term | Luo (Kenyan and Tanzanian people) |
| Topical Term | Economics |
| 856 40 - ELECTRONIC LOCATION AND ACCESS | |
| Uniform Resource Identifier | http://site.ebrary.com/lib/rucke/Doc?id=10579385 |
No items available.
